<?xml version="1.0" encoding="UTF-8"?>
<record
    xmlns:xsi="http://www.w3.org/2001/XMLSchema-instance"
    xsi:schemaLocation="http://www.loc.gov/MARC21/slim http://www.loc.gov/standards/marcxml/schema/MARC21slim.xsd"
    xmlns="http://www.loc.gov/MARC21/slim">

  <leader>03719nam2a22004571  4500</leader>
  <controlfield tag="001">RU\NLR\19V\935837</controlfield>
  <controlfield tag="005">20260407113036.0</controlfield>
  <datafield tag="035" ind1=" " ind2=" ">
    <subfield code="a">(NLR Aleph) 010506327</subfield>
  </datafield>
  <datafield tag="090" ind1=" " ind2=" ">
    <subfield code="a">10157884</subfield>
    <subfield code="c">10157884</subfield>
  </datafield>
  <datafield tag="100" ind1=" " ind2=" ">
    <subfield code="a">20141017d1821    |||y0rusy50      ca</subfield>
  </datafield>
  <datafield tag="101" ind1="0" ind2=" ">
    <subfield code="a">rus</subfield>
  </datafield>
  <datafield tag="102" ind1=" " ind2=" ">
    <subfield code="a">RU</subfield>
  </datafield>
  <datafield tag="135" ind1=" " ind2=" ">
    <subfield code="a">crcn 024anaba</subfield>
  </datafield>
  <datafield tag="140" ind1=" " ind2=" ">
    <subfield code="a">y   y    zz      yyyaa0000  </subfield>
  </datafield>
  <datafield tag="200" ind1="0" ind2=" ">
    <subfield code="a">... &#x447;&#x435;&#x442;&#x432;&#x435;&#x440;&#x442;&#x430;&#x433;&#x43E; &#x443;&#x447;&#x435;&#x431;&#x43D;&#x430;&#x433;&#x43E; &#x43A;&#x443;&#x440;&#x441;&#x430;</subfield>
  </datafield>
  <datafield tag="210" ind1=" " ind2=" ">
    <subfield code="a">&#x421;&#x430;&#x43D;&#x43A;&#x442;&#x43F;&#x435;&#x442;&#x435;&#x440;&#x431;&#x443;&#x440;&#x433;</subfield>
    <subfield code="c">&#x432; &#x41C;&#x435;&#x434;&#x438;&#x446;&#x438;&#x43D;&#x441;&#x43A;&#x43E;&#x439; &#x442;&#x438;&#x43F;&#x43E;&#x433;&#x440;&#x430;&#x444;&#x438;&#x438;</subfield>
    <subfield code="d">1821</subfield>
  </datafield>
  <datafield tag="215" ind1=" " ind2=" ">
    <subfield code="a">20 &#x441;.</subfield>
    <subfield code="d">8&#xB0; (21 &#x441;&#x43C;)</subfield>
  </datafield>
  <datafield tag="300" ind1=" " ind2=" ">
    <subfield code="a">&#x426;&#x435;&#x43D;&#x437;.: &#x41F;&#x43E;&#x43B;&#x438;&#x43A;&#x430;&#x440;&#x43F;, &#x430;&#x440;&#x445;&#x438;&#x43C;., 18 &#x438;&#x44E;&#x43D;&#x44F; 1821 &#x433;.</subfield>
  </datafield>
  <datafield tag="316" ind1=" " ind2=" ">
    <subfield code="a">&#x42D;&#x43A;&#x437;. &#x420;&#x41D;&#x411; (18.51.6.18 (1)) &#x44F;&#x432;&#x43B;&#x44F;&#x435;&#x442;&#x441;&#x44F; &#x447;&#x430;&#x441;&#x442;&#x44C;&#x44E; &#x432;&#x43B;&#x430;&#x434;&#x435;&#x43B;&#x44C;&#x447;. &#x43A;&#x43E;&#x43D;&#x432;&#x43E;&#x43B;&#x44E;&#x442;&#x430;. &#x41F;&#x440;&#x438;&#x43F;&#x43B;. 1 &#x435;&#x434;&#x438;&#x43D;. &#x412; &#x446;&#x435;&#x43B;&#x44C;&#x43D;&#x43E;&#x43A;&#x43E;&#x436;&#x430;&#x43D;&#x43E;&#x43C; &#x437;&#x435;&#x43B;&#x435;&#x43D;&#x43E;&#x43C; &#x43F;&#x435;&#x440;. &#x41A;&#x43E;&#x440;&#x435;&#x448;&#x43E;&#x43A; &#x433;&#x43B;&#x430;&#x434;&#x43A;&#x438;&#x439;, &#x441; &#x437;&#x43E;&#x43B;&#x43E;&#x442;&#x44B;&#x43C; &#x442;&#x438;&#x441;&#x43D;&#x435;&#x43D;&#x438;&#x435;&#x43C;. &#x41A;&#x440;&#x44B;&#x448;&#x43A;&#x438; &#x43F;&#x435;&#x440;. &#x443;&#x43A;&#x440;&#x430;&#x448;&#x435;&#x43D;&#x44B; &#x43E;&#x440;&#x43D;&#x430;&#x43C;&#x435;&#x43D;&#x442;. &#x440;&#x430;&#x43C;&#x43A;&#x430;&#x43C;&#x438; &#x437;&#x43E;&#x43B;&#x43E;&#x442;&#x43E;&#x433;&#x43E; &#x442;&#x438;&#x441;&#x43D;&#x435;&#x43D;&#x438;&#x44F;. &#x41D;&#x430; &#x43D;&#x438;&#x436;&#x43D;&#x435;&#x439; &#x43A;&#x440;&#x44B;&#x448;&#x43A;&#x435; &#x43F;&#x435;&#x440;. &#x43D;&#x430;&#x43A;&#x43B;&#x435;&#x439;&#x43A;&#x430; &#x441; &#x448;&#x438;&#x444;&#x440;&#x43E;&#x43C; &#x420;&#x41D;&#x411; &#x438; &#x448;&#x442;&#x430;&#x43C;&#x43F;&#x43E;&#x43C; &#x44D;&#x43B;&#x435;&#x43A;&#x442;&#x440;. &#x431;-&#x43A;&#x438; . &#x41E;&#x431;&#x440;&#x435;&#x437; &#x437;&#x43E;&#x43B;&#x43E;&#x442;&#x43E;&#x439;. &#x41F;&#x43E;&#x434;&#x432;&#x435;&#x440;&#x442;&#x43A;&#x438; &#x442;&#x430;&#x43A;&#x436;&#x435; &#x443;&#x43A;&#x440;&#x430;&#x448;&#x435;&#x43D;&#x44B; &#x437;&#x43E;&#x43B;&#x43E;&#x442;&#x44B;&#x43C; &#x442;&#x438;&#x441;&#x43D;&#x435;&#x43D;&#x438;&#x435;&#x43C;. &#x41D;&#x430; &#x444;&#x43E;&#x440;&#x437;&#x430;&#x446;&#x435; &#x44F;&#x440;&#x43B;&#x44B;&#x43A; &#x441; &#x448;&#x438;&#x444;&#x440;&#x43E;&#x43C; &#x420;&#x41D;&#x411; (&#x43F;&#x43E;&#x432;&#x435;&#x440;&#x445; &#x44D;&#x43A;&#x441;&#x43B;&#x438;&#x431;&#x440;&#x438;&#x441;&#x430; &#x42D;&#x440;&#x43C;&#x438;&#x442;&#x430;&#x436;. &#x431;-&#x43A;&#x438;) &#x438; &#x441;&#x442;&#x430;&#x440;&#x44B;&#x439; &#x44F;&#x440;&#x43B;&#x44B;&#x43A;. &#x41D;&#x430; &#x442;&#x438;&#x442;. &#x43B;. &#x43A;&#x440;&#x443;&#x433;&#x43B;&#x44B;&#x439; &#x448;&#x442;&#x430;&#x43C;&#x43F; &#x413;&#x41F;&#x411;. &#x420;&#x430;&#x437;&#x43C;&#x435;&#x440;: 20,6&#x445;13&#x445;1,5 &#x441;&#x43C;</subfield>
    <subfield code="5">NLR: 18.51.6.18 (1)</subfield>
  </datafield>
  <datafield tag="317" ind1=" " ind2=" ">
    <subfield code="a">&#x412; &#x44D;&#x43A;&#x437;. &#x420;&#x41D;&#x411; (18.51.6.18 (1)) &#x43D;&#x430; &#x444;&#x43E;&#x440;&#x437;&#x430;&#x446;&#x435; &#x44D;&#x43A;&#x441;&#x43B;&#x438;&#x431;&#x440;&#x438;&#x441; &#x42D;&#x440;&#x43C;&#x438;&#x442;&#x430;&#x436;&#x43D;&#x43E;&#x439; &#x431;-&#x43A;&#x438; (&#x411;&#x43E;&#x433;&#x43E;&#x43C;&#x43E;&#x43B;&#x43E;&#x432; 17894)</subfield>
    <subfield code="5">NLR: 18.51.6.18 (1)</subfield>
  </datafield>
  <datafield tag="325" ind1=" " ind2=" ">
    <subfield code="a">&#x41A;&#x43E;&#x43F;&#x438;&#x44F; &#x434;&#x43E;&#x441;&#x442;&#x443;&#x43F;&#x43D;&#x430; &#x432; &#x42D;&#x43B;&#x435;&#x43A;&#x442;&#x440;&#x43E;&#x43D;. &#x431;-&#x43A;&#x435; &#x420;&#x41D;&#x411;</subfield>
  </datafield>
  <datafield tag="461" ind1=" " ind2="1">
    <subfield code="1">001RU\NLR\19V\935835</subfield>
    <subfield code="1">2001#$a&#x41F;&#x440;&#x435;&#x434;&#x43C;&#x435;&#x442;&#x44B;, &#x43D;&#x430;&#x437;&#x43D;&#x430;&#x447;&#x435;&#x43D;&#x43D;&#x44B;&#x435; &#x434;&#x43B;&#x44F; &#x43E;&#x442;&#x43A;&#x440;&#x44B;&#x442;&#x430;&#x433;&#x43E; &#x438;&#x441;&#x43F;&#x44B;&#x442;&#x430;&#x43D;&#x438;&#x44F; &#x441;&#x442;&#x443;&#x434;&#x435;&#x43D;&#x442;&#x43E;&#x432; &#x421;&#x430;&#x43D;&#x43A;&#x442;&#x43F;&#x435;&#x442;&#x435;&#x440;&#x431;&#x443;&#x440;&#x433;&#x441;&#x43A;&#x43E;&#x439; &#x434;&#x443;&#x445;&#x43E;&#x432;&#x43D;&#x43E;&#x439; &#x430;&#x43A;&#x430;&#x434;&#x435;&#x43C;&#x438;&#x438; &#x43F;&#x440;&#x438; &#x43E;&#x43A;&#x43E;&#x43D;&#x447;&#x430;&#x43D;&#x438;&#x438;...$v... &#x447;&#x435;&#x442;&#x432;&#x435;&#x440;&#x442;&#x43E;&#x433;&#x43E; &#x443;&#x447;&#x435;&#x431;&#x43D;&#x43E;&#x433;&#x43E; &#x43A;&#x443;&#x440;&#x441;&#x430;</subfield>
  </datafield>
  <datafield tag="481" ind1=" " ind2="0">
    <subfield code="1">001v19\rc\2112213</subfield>
    <subfield code="9">5143642</subfield>
    <subfield code="c">&#x421;&#x430;&#x43D;&#x43A;&#x442;&#x43F;&#x435;&#x442;&#x435;&#x440;&#x431;&#x443;&#x440;&#x433;</subfield>
    <subfield code="d">&#x446;&#x435;&#x43D;&#x437;. 1821</subfield>
    <subfield code="n">&#x432; &#x41C;&#x435;&#x434;&#x438;&#x446;&#x438;&#x43D;&#x441;&#x43A;&#x43E;&#x439; &#x442;&#x438;&#x43F;&#x43E;&#x433;&#x440;&#x430;&#x444;&#x438;&#x438;</subfield>
    <subfield code="o">&#x438;&#x437;&#x434;&#x430;&#x43D;&#x43D;&#x44B;&#x435; &#x43F;&#x43E; &#x441;&#x43B;&#x443;&#x447;&#x430;&#x44E; &#x438;&#x441;&#x43F;&#x44B;&#x442;&#x430;&#x43D;&#x438;&#x44F;, &#x43F;&#x440;&#x438; &#x43E;&#x43A;&#x43E;&#x43D;&#x447;&#x430;&#x43D;&#x438;&#x438; &#x447;&#x435;&#x442;&#x432;&#x435;&#x440;&#x442;&#x430;&#x433;&#x43E; &#x443;&#x447;&#x435;&#x431;&#x43D;&#x430;&#x433;&#x43E; &#x43A;&#x443;&#x440;&#x441;&#x430; 1821 &#x433;&#x43E;&#x434;&#x430;</subfield>
    <subfield code="p">140 &#x441;.</subfield>
    <subfield code="t">&#x41D;&#x435;&#x43A;&#x43E;&#x442;&#x43E;&#x440;&#x44B;&#x435; &#x43E;&#x43F;&#x44B;&#x442;&#x44B; &#x443;&#x43F;&#x440;&#x430;&#x436;&#x43D;&#x435;&#x43D;&#x438;&#x439; &#x432;&#x43E;&#x441;&#x43F;&#x438;&#x442;&#x430;&#x43D;&#x43D;&#x438;&#x43A;&#x43E;&#x432; &#x421;&#x430;&#x43D;&#x43A;&#x442;&#x43F;&#x435;&#x442;&#x435;&#x440;&#x431;&#x443;&#x440;&#x433;&#x441;&#x43A;&#x43E;&#x439; &#x434;&#x443;&#x445;&#x43E;&#x432;&#x43D;&#x43E;&#x439; &#x430;&#x43A;&#x430;&#x434;&#x435;&#x43C;&#x438;&#x438;,</subfield>
  </datafield>
  <datafield tag="518" ind1="1" ind2=" ">
    <subfield code="a">... &#x447;&#x435;&#x442;&#x432;&#x435;&#x440;&#x442;&#x43E;&#x433;&#x43E; &#x443;&#x447;&#x435;&#x431;&#x43D;&#x43E;&#x433;&#x43E; &#x43A;&#x443;&#x440;&#x441;&#x430;</subfield>
  </datafield>
  <datafield tag="702" ind1=" " ind2="0">
    <subfield code="4">190</subfield>
    <subfield code="8">rus</subfield>
    <subfield code="7">ca</subfield>
    <subfield code="a">&#x41F;&#x43E;&#x43B;&#x438;&#x43A;&#x430;&#x440;&#x43F;</subfield>
    <subfield code="c">&#x413;&#x43E;&#x439;&#x442;&#x430;&#x43D;&#x43D;&#x438;&#x43A;&#x43E;&#x432;, &#x41F;&#x435;&#x442;&#x440; &#x415;&#x444;&#x438;&#x43C;&#x43E;&#x432;&#x438;&#x447;</subfield>
    <subfield code="c">&#x430;&#x440;&#x445;&#x438;&#x43C;&#x430;&#x43D;&#x434;&#x440;&#x438;&#x442;</subfield>
    <subfield code="f">1787-1837</subfield>
    <subfield code="3">RU\NLR\AUTH\7792559</subfield>
    <subfield code="9">75486</subfield>
  </datafield>
  <datafield tag="712" ind1="0" ind2="1">
    <subfield code="4">610</subfield>
    <subfield code="a">&#x420;&#x43E;&#x441;&#x441;&#x438;&#x44F;</subfield>
    <subfield code="b">&#x41C;&#x438;&#x43D;&#x438;&#x441;&#x442;&#x435;&#x440;&#x441;&#x442;&#x432;&#x43E; &#x432;&#x43D;&#x443;&#x442;&#x440;&#x435;&#x43D;&#x43D;&#x438;&#x445; &#x434;&#x435;&#x43B;</subfield>
    <subfield code="b">&#x41C;&#x435;&#x434;&#x438;&#x446;&#x438;&#x43D;&#x441;&#x43A;&#x430;&#x44F; &#x442;&#x438;&#x43F;&#x43E;&#x433;&#x440;&#x430;&#x444;&#x438;&#x44F;</subfield>
    <subfield code="3">RU\NLR\AUTH\889942197</subfield>
    <subfield code="9">379251</subfield>
  </datafield>
  <datafield tag="801" ind1=" " ind2="0">
    <subfield code="a">RU</subfield>
    <subfield code="b">NLR</subfield>
    <subfield code="c">20141017</subfield>
    <subfield code="g">psbo</subfield>
  </datafield>
  <datafield tag="801" ind1=" " ind2="1">
    <subfield code="a">RU</subfield>
    <subfield code="b">NLR</subfield>
    <subfield code="c">20141017</subfield>
    <subfield code="2">rusmarc</subfield>
  </datafield>
  <datafield tag="852" ind1=" " ind2=" ">
    <subfield code="a">NLR</subfield>
    <subfield code="j">18.51.6.18 (1)</subfield>
  </datafield>
  <datafield tag="942" ind1=" " ind2=" ">
    <subfield code="c">BOOK</subfield>
  </datafield>
  <datafield tag="980" ind1=" " ind2=" ">
    <subfield code="a">NB</subfield>
  </datafield>
  <datafield tag="980" ind1="3" ind2=" ">
    <subfield code="a">kpcivil2020</subfield>
  </datafield>
  <datafield tag="980" ind1="3" ind2=" ">
    <subfield code="a">kp2020</subfield>
  </datafield>
  <datafield tag="980" ind1="3" ind2=" ">
    <subfield code="a">kp</subfield>
  </datafield>
  <datafield tag="981" ind1="4" ind2="3">
    <subfield code="a">(43) &#x422;&#x435;&#x43C;&#x430;&#x442;&#x438;&#x447;&#x435;&#x441;&#x43A;&#x430;&#x44F; &#x43F;&#x43E;&#x434;&#x431;&#x43E;&#x440;&#x43A;&#x430; &#x421;&#x430;&#x43D;&#x43A;&#x442;-&#x41F;&#x435;&#x442;&#x435;&#x440;&#x431;&#x443;&#x440;&#x433;</subfield>
    <subfield code="b">(43) &#x414;&#x443;&#x445;&#x43E;&#x432;&#x43D;&#x43E;&#x435; &#x43E;&#x431;&#x440;&#x430;&#x437;&#x43E;&#x432;&#x430;&#x43D;&#x438;&#x435;</subfield>
  </datafield>
  <datafield tag="981" ind1="2" ind2="2">
    <subfield code="a">(22) &#x41C;&#x430;&#x442;&#x435;&#x440;&#x438;&#x430;&#x43B;&#x44B; &#x43F;&#x43E; &#x438;&#x441;&#x442;&#x43E;&#x440;&#x438;&#x438; &#x420;&#x43E;&#x441;&#x441;&#x438;&#x438;</subfield>
    <subfield code="b">(22) &#x420;&#x435;&#x43B;&#x438;&#x433;&#x438;&#x43E;&#x437;&#x43D;&#x44B;&#x435; &#x43A;&#x43E;&#x43D;&#x444;&#x435;&#x441;&#x441;&#x438;&#x438;</subfield>
  </datafield>
  <datafield tag="981" ind1="2" ind2="0">
    <subfield code="a">(20) &#x41A;&#x43D;&#x438;&#x436;&#x43D;&#x44B;&#x435; &#x43F;&#x430;&#x43C;&#x44F;&#x442;&#x43D;&#x438;&#x43A;&#x438; &#x420;&#x41D;&#x411;</subfield>
    <subfield code="b">(20) &#x420;&#x443;&#x441;&#x441;&#x43A;&#x438;&#x439; &#x43A;&#x43D;&#x438;&#x436;&#x43D;&#x44B;&#x439; &#x444;&#x43E;&#x43D;&#x434;</subfield>
  </datafield>
</record>
